| 000 | 00657nam a2200229 a 4500 | ||
|---|---|---|---|
| 999 |
_c6003 _d6003 |
||
| 001 | 6003 | ||
| 003 | BD-JhCC | ||
| 005 | 20171231175153.0 | ||
| 008 | 171231s2002 bg |||| ||a| 000 0 eng d | ||
| 020 | _a0521009898 | ||
| 035 | _a(BD-JhCC)6003 | ||
| 040 |
_aBD-JhCC _dBD-JhCC |
||
| 041 | _aben | ||
| 082 |
_a428 _bCRI 2002 |
||
| 100 | _aCripps, Elizabeth A. | ||
| 245 |
_aGCE English Language : A study and revision course for O Level / _cElizabeth A. Cripps; Cqroline Footman |
||
| 260 |
_a : _bCambridge University Press, _c2002. |
||
| 300 |
_a210 p. : _c23 cm. |
||
| 650 |
_aEnglish Language _xStudy and Teaching |
||
| 942 |
_2ddc _cBK |
||